| 000 | 01306nam a2200373 i 4500 | ||
|---|---|---|---|
| 001 | 6003 | ||
| 003 | KOSZ 005 | ||
| 005 | 20200430105758.0 | ||
| 008 | 970513s1992 pl a f |000 0 pol | ||
| 015 | _aPB 1992/7334 | ||
| 020 | _a8302044210 | ||
| 035 | _a(OCoLC)751201329 | ||
| 040 |
_aWA N _cWA N _dKOSZ 005/HR |
||
| 046 | _k1992 | ||
| 080 | _a629.33.02 | ||
| 080 | _a(075.3) | ||
| 100 | 1 |
_aOrzełowski, Seweryn _eAutor |
|
| 245 | 1 | 0 |
_aBudowa podwozi i nadwozi samochodowych : _bpodręcznik dla technikum / _cSeweryn Orzełowski. |
| 250 | _aWyd. 7 popr. | ||
| 260 |
_aWarszawa : _bWydawnictwa Szkolne i Pedagogiczne, _c1992. |
||
| 300 |
_a375, [1] s. : _brys., wykr. ; _c24 cm. |
||
| 380 | _aKsiążki. | ||
| 504 | _aBibliogr. s. 375-[376]. | ||
| 521 | _aDla kl. IV i V tech. samochodowego, specjalność Naprawa i eksploatacja pojazdów samochodowych. | ||
| 650 | 4 | _aSamochody | |
| 655 | 4 | _aPodręczniki dla szkół zawodowych | |
| 650 | 4 | _aObsługa i eksploatacja | |
| 650 | 4 | _aBudowa i konstrukcje | |
| 650 | 4 | _aPodwozia | |
| 650 | 4 | _aNadwozia | |
| 710 | 2 |
_aWydawnictwa Szkolne i Pedagogiczne. _4pbl. |
|
| 856 |
_uhttp://koha.tu.koszalin.pl/cgi-bin/koha/opac-detail.pl?biblionumber=6003 _zKatalog online BPK |
||
| 942 |
_2UKD _cKS |
||
| 999 |
_c6003 _d6003 |
||